Toán rời rạc Giáo trình Cao đẳng Sư phạm
Trình bày các khái niệm cơ bản về logic, tập hợp và suy luận toán học, các phương pháp đếm và nguyên lí Dirichlet, đồ thị và ứng dụng đại số Boole và mạch tối hợp , Automat-văn phạm và ngôn ngữ hình thức.
Bewaard in:
| Hoofdauteur: | |
|---|---|
| Andere auteurs: | , , , , |
| Formaat: | Boek |
| Taal: | Vietnamese |
| Gepubliceerd in: |
H.
Đại học Sư Phạm
2003
|
| Onderwerpen: | |
| Tags: |
Voeg label toe
Geen labels, Wees de eerste die dit record labelt!
|
| Thư viện lưu trữ: | Mạng thư viện Đại học Đà Nẵng |
|---|
| LEADER | 01629nam a2200409 4500 | ||
|---|---|---|---|
| 001 | 000008050 | ||
| 003 | 4231 | ||
| 005 | 20111013151006.0 | ||
| 008 | 111013s2003 viesd | ||
| 020 | |c 0đ | ||
| 041 | 0 | |a vie | |
| 082 | |a 511 |b Toa | ||
| 100 | 0 | |a B.s: Phạm Thế Long (Chủ biên) | |
| 245 | 0 | |a Toán rời rạc |b Giáo trình Cao đẳng Sư phạm |c B.s: Phạm Thế Long (ch.b), Nguyễn Xuân Viên, Nguyễn Thiện Luận.. | |
| 260 | |a H. |b Đại học Sư Phạm |c 2003 | ||
| 300 | |a 281tr |c 24cm | ||
| 504 | |a Thư mục: tr. 281 | ||
| 520 | |a Trình bày các khái niệm cơ bản về logic, tập hợp và suy luận toán học, các phương pháp đếm và nguyên lí Dirichlet, đồ thị và ứng dụng đại số Boole và mạch tối hợp , Automat-văn phạm và ngôn ngữ hình thức. | ||
| 650 | |a Giáo trình | ||
| 653 | |a Toán cao cấp | ||
| 653 | |a Toán rời rạc | ||
| 700 | |a Phạm Thế Long |e ch.b | ||
| 700 | |a Nguyễn Xuân Viên |e b.s | ||
| 700 | |a Nguyễn Thiện Luận |e b.s | ||
| 700 | |a Nguyễn Đức Hiếu |e b.s | ||
| 700 | |a Nguyễn Văn Xuất |e b.s | ||
| 910 | |a Phuong |d 13/10/2011 | ||
| OWN | |a LSP | ||
| AVA | |a UDN50 |b LSP |d 511 Toa |e available |t Error 5001 Not defined in file expand_doc_bib_avail. |f 3 |g 1 |h N |i 0 |k 1 | ||
| 999 | |a From the UDN01 | ||
| AVA | |a UDN50 |b LSP |d 511 Toa |e available |t Error 5001 Not defined in file expand_doc_bib_avail. |f 3 |g 1 |h N |i 0 |k 1 | ||
| TYP | |a Monograph | ||
| TYP | |a Printed language | ||
| 980 | |a Mạng thư viện Đại học Đà Nẵng | ||